Un Robinson /

Detalles Bibliográficos
Autor principal: Pérez Ibarra, Martín, 1966- (Autor)
Formato: Electrónico eBook
Lenguaje:español
Publicado: Santiago de Chile : RiL editores, [2024]
Colección:#Novela (RiL Editores)
Materias:
Acceso en línea:Digitalia Hispánica

MARC

LEADER 00000nam a2200000 i 4500
001 DIGRILEDIT1551
003 NyNyDIG
007 cr |||||||||||
008 241002s2024 cl ab o 000 f spa d
006 m o d
035 |a (OCoLC)1458531837 
040 |a DGITA  |b eng  |e rda  |e pn  |c DGITA 
020 |z 9789560115829 
050 1 4 |a PQ8098.426.E745 ebook 
100 1 |a Pérez Ibarra, Martín,  |d 1966-  |e author. 
245 1 3 |a Un Robinson /  |c Martín Pérez Ibarra. 
264 1 |a Santiago de Chile :  |b RiL editores,  |c [2024] 
300 |a 1 online resource :  |b illustrations, maps. 
336 |a text  |b txt  |2 rdacontent 
337 |a computer  |b c  |2 rdamedia 
338 |a online resource  |b cr  |2 rdacarrier 
347 |a text file  |2 rdaft 
347 |b PDF 
490 1 |a #Novela 
588 0 |a Online resource; title from PDF title page (Digitalia, viewed October 2, 2024) 
655 7 |a Fiction.  |2 lcgft 
791 2 |a Digitalia (Firm),  |e distributor. 
793 0 |g Digitalia eBook Collection:  |a Ril Editores 
776 0 8 |i Print version:  |a Pérez Ibarra, Martín, 1966-  |t Robinson.  |b Primera edición.  |d Santiago de Chile : RiL editores, [2024]  |z 9789560115829 
830 0 |a #Novela (RiL Editores) 
856 4 0 |3 Digitalia Hispánica  |u https://www.digitaliapublishing.com/a/156934/ 
910 |a Premium collection: 2024